000
00206 a2200085 4500
020
_a
9788193053775
100
_a
PURBIYA, MAMTA
245
_a
MEWAR KI LOK SANSKRITI
260
_b
RAINA BOOK CENTER, UDAIPUR
_c
2021
999
_c
223931
_d
223931